| 000 | 00666nam a2200193 i 4500 | ||
|---|---|---|---|
| 001 | bg | ||
| 245 | 0 |
_aInstrumentation and automation in the paper, rubber, plastics and polymerisation industries : _bproceedings of the 5th International IFAC/IMEKO Conference, Antwerp, Belgium, 11-13 October 1983 / _ced. by A. R. van Cauvenberghe. |
|
| 260 |
_aOxford : _bPergamon Press, _c1984. |
||
| 650 | 9 | _aAutomatyka | |
| 650 | 9 |
_aProdukcja _xautomatyzacja |
|
| 655 | _aMateriaĆy konferencyjne | ||
| 020 | _a0080311121 | ||
| 040 | _cBPK | ||
| 041 | _apol | ||
| 080 | _a681.5(061) | ||
| 920 | _a0-08-031112-1 | ||
| 942 | _cKS | ||
| 008 | s pl f |000 0 pol | ||
| 999 |
_c23109 _d23109 |
||
| 856 |
_uhttp://koha.tu.koszalin.pl/cgi-bin/koha/opac-detail.pl?biblionumber=23109 _yKatalog online BPK |
||